Manipulátory v poľnohospodárskej praxi

Bibliographic Details
Main Author: Mašek, Jiří (Author)
Format: Article
Language:Slovak
Subjects:

MARC

LEADER 00000nab a2200000 a 4500
001 vtls009165721
003 SK-MaSNL
005 20260304151443.0
008 250506c2007 xo |||||||||||000 b|slo
015 |a SNBRB2007/12  |2 snkbucl 
035 |a urn:nbn:sk:snk-ab87e9 
035 |a (urnnbn)urn:nbn:sk:snk:ar-006p6i 
035 |a (uuid)dd857244-80b0-46ec-b97f-e96394c175f1 
038 |a SNKBUCL 
040 |a SNKBUCL  |b slo  |c SNKBUCL  |e AACR2 
041 0 |a slo 
044 |a xo  |c SK 
080 |a 631.37  |2 1997 
100 1 |a Mašek, Jiří  |4 aut  |9 620144 
245 1 0 |a Manipulátory v poľnohospodárskej praxi  |c Jiří Mašek 
300 |b Fotogr. 
650 0 7 |a poľnohospodárske stroje  |2 snkbucl  |9 3574 
650 0 7 |a manipulátory  |2 snkbucl  |9 24369 
773 0 |t Slovenský chov  |g Roč. XII, č. 11 (2007), s. 16-19  |x 1335-1990 
850 |a Slovenská národná knižnica 
852 |a Slovenská národná knižnica 
954 |a odborná, vedecká literatúra pôvodná (slovenská)  |2 lita 
958 |a article9 
958 |a OND 
958 |a EUIPO 
999 |c 2943708  |d 2945638